|
|
|
|
| LEADER |
00000cam a2200000 7i4500 |
| 001 |
0000047171 |
| 005 |
20150419.0 |
| 008 |
150419 |
| 020 |
|
|
|a 9679987760
|
| 090 |
0 |
0 |
|a ABD
|b MAL
|
| 100 |
1 |
|
|a Abd.Talib Hassan
|
| 245 |
1 |
0 |
|a Primadona :
|b Dia berjaya dalam dunianya kerana dua sebab : licik dan tega
|c Abd Talib Hassan
|
| 260 |
|
|
|a Kuala Lumpur :
|b Creative Enterprise Sdn Bhd ,
|c 1990
|
| 999 |
|
|
|a 0000910508
|b Book
|c Adult Collection
|e Cawangan Bandar Tenggara
|
| 999 |
|
|
|a 0000922606
|b Book
|c Adult Collection
|e Cawangan Bukit Gambir
|
| 999 |
|
|
|a 0000922608
|b Book
|c Adult Collection
|e Cawangan Bukit Gambir
|
| 999 |
|
|
|a 0000935124
|b Book
|c Adult Collection
|e Cawangan Tangkak
|
| 999 |
|
|
|a 0000935125
|b Book
|c Adult Collection
|e Cawangan Tangkak
|
| 999 |
|
|
|a 0000935126
|b Book
|c Adult Collection
|e Cawangan Tangkak
|